000 00406nam a2200157 4500
003 OSt
008 240515b |||||||| |||| 00| 0 eng d
020 _a9789356816657
082 _a371.268 PUM
100 _aPURI, Gautam
245 _aThe Mantra of CSAT : Civil Service Aptitude Test Paper II
250 _a2nd
260 _aNew Delhi
_bGK Publication(p) Ltd.
_c2024
300 _a428
942 _2ddc
_cREF
999 _c12696
_d12696